Statistics for Movies & Films A-Z

Click here to take the quiz!

General Stats

  • This quiz has been taken 37 times
  • The average score is 6 of 26

Answer Stats

Movie Characters Answer % Correct
Tony Stark, Steve Rogers, Bruce Banner, Thor, Clint Barton..The AvengersA
93%
Danny Ocean, Frank Catton, Rusty Ryan, Reuben Tishkoff, Virgil Malloy..Ocean's ElevenO
73%
Charles Xavier, Logan, Erik Lehnsherr, Jean Grey, Scott Summers..X-MenX
67%
Dave Skylark, Aaron Rapaport, Kim Jong-un, Agent Lacey, Malcolm..The InterviewI
40%
Brian O'Conner, Dominic Toretto, Letty Ortiz, Johnny Tran, Jesse..The Fast and the FuriousF
33%
Marcus Burnett, Mike Lowrey, Julie Mott, Fouchet, Theresa Burnett..Bad BoysB
30%
Cady Heron, Regina George, Gretchen Wieners, Karen Smith, Janis Ian..Mean GirlsM
27%
Tallahassee, Columbus, Wichita, Little Rock, Bill Murray..ZombielandZ
27%
Phil Wenneck, Stu Price, Alan Garner, Doug Billings, Leslie Chow..The HangoverH
27%
Hauser, Cohaagen, Harry, Lori Quaid, MatthiasTotal RecallT
20%
Selene, Michael Corvin, Viktor, Lucian, Kraven..UnderworldU
20%
Detective Lee, James Carter, Juntao, Consul Han, Sang..Rush HourR
20%
Dewey Finn, Principal Roz Mullins, Ned Schneebly, Summer Hathaway, Zack Mooneyham..School of RockS
13%
Barney Ross, Lee Christmas, Yin Yang, Gunner Jensen, James Munroe..The ExpendablesE
13%
Nathan Algren, Lord Katsumoto Moritsugu, Taka, Lt. Colonel Bagley, Mr. Omura..The Last SamuraiL
13%
Kevin & Marcus Copeland, Latrell Spencer, Heather Vandergeld, Brittany Wilson..White ChicksW
13%
Kenyon Stone, Damien Carter, Timo Cruz, Junior Battle, Jason Lyle..Coach CarterC
13%
Alan Parrish, Judy Shepherd, Carl Bentley, Sarah Whittle, Van Pelt..JumanjiJ
10%
Lenny Feder, Eric Lamonsoff, Kurt McKenzie, Marcus Higgins, Nick Hillard..Grown UpsG
7%
Gwen Pearson, Taj Badalandabad, Professor McDougal, Richard Bagg, Hutch..Van WilderV
7%
Claire Hennessey, Frankenstein, Case, Coach, Joseph Mason..Death RaceD
3%
Thomas Kub, Costa, JB, Dax, Kirby..Project XP
3%
Dave Lizewski, Frank D'Amico, Mindy Macready, Katie Deauxma, Erika Cho..Kick-AssK
3%
Elgin, David, Rico, Mr.Rad, Wade..You Got ServedY
3%
Madam M, Charlene Ching, Katt, Jing, Jack Chen..Naked WeaponN
3%
Lee, Evelyn, Regan, Marcus & Beau Abbott..A Quiet PlaceQ
0%

Score Distribution

Percentile by Number Answered

Percent of People with Each Score

Your Score History

You have not taken this quiz